000 00242nam a2200097Ia 4500
001 1153488
005 20250827011125.0
008 250824s9999 xx 000 0 und d
245 0 _aHÜRREM SULTAN
_cM.SAMİH FETHİ
260 _bPANAMA YAYINLARI
999 _c1153488
_d1153488